| 000 | 00784cam a2200229Ma 4500 | ||
|---|---|---|---|
| 005 | 20180312142526.0 | ||
| 008 | 140522s2002 sp a r 000 0 spa d | ||
| 020 | _a8479018674 | ||
| 020 | _a9788479018672 | ||
| 035 | _a(OCoLC)807598341 | ||
| 040 |
_aCO-BoUCM _bspa _cSandra Palacio _dSandra Palacio |
||
| 041 | 0 | _aspa | |
| 100 | 1 |
_aLayunta, Antón _d1951- _987512 |
|
| 245 | 1 | 0 |
_aPapá, explícame el cuento de la vida _bsi he nacido, ¿por qué tengo que morir? _cAntón Layunta |
| 260 |
_aBarcelona (España) _bRBA _c2002 |
||
| 300 |
_a112 páginas _bilustraciones |
||
| 490 | 0 | _aIntegral | |
| 650 | 1 | 7 |
_aMuerte _xNarrativa infantil _987513 |
| 650 | 2 | 7 |
_aLiteratura infantil _918680 |
| 942 |
_2DEWEY _a18 _cLIBRO _e1 _h863.64 _mL429pe _n0 |
||
| 999 |
_c273529 _d273529 |
||